Grammar
The book describes the nature of grammar, and its role in language learning and language use
Đã lưu trong:
| 主要作者: | |
|---|---|
| 格式: | 圖書 |
| 語言: | Undetermined |
| 出版: |
Oxford
Oxford Univ. Press
1995
|
| 主題: | |
| 標簽: |
添加標簽
沒有標簽, 成為第一個標記此記錄!
|
| Thư viện lưu trữ: | Trung tâm Học liệu Trường Đại học Cần Thơ |
|---|
| LEADER | 00675nam a2200217Ia 4500 | ||
|---|---|---|---|
| 001 | CTU_28787 | ||
| 008 | 210402s9999 xx 000 0 und d | ||
| 020 | |b 48.000đ; 57.000đ (lô mới) | ||
| 082 | |a 428.24 | ||
| 082 | |b B335 | ||
| 100 | |a Batstone, Rob | ||
| 245 | 0 | |a Grammar | |
| 245 | 0 | |c Rob Batstone | |
| 260 | |a Oxford | ||
| 260 | |b Oxford Univ. Press | ||
| 260 | |c 1995 | ||
| 520 | |a The book describes the nature of grammar, and its role in language learning and language use | ||
| 650 | |a English language,English language | ||
| 650 | |x Grammar,Textbooks for foreign speakers | ||
| 904 | |i Minh | ||
| 980 | |a Trung tâm Học liệu Trường Đại học Cần Thơ | ||